000
00223nam a22001097a 4500
003
OSt
008
231116b |||||||| |||| 00| 0 eng d
041
_a
mal
100
_a
James
_9
5717
245
_a
Aakasha Pushpam
942
_c
BK
999
_c
18028
_d
18028